000 01519nab a2200277 a 4500
005 20210219163058.0
008 991125s1985 mx 000 0 spa u
035 _aUPN01000215979
049 _aART
100 1 _aCadena Chala, Martha Cecilia
100 1 _umartha.cadenac@campusucc.edu.co
100 1 _aOrcasitas García, José Ramón
100 1 _ujrorcasitas@ehu.es
222 0 _aEDUCACION Y EDUCADORES
245 0 0 _aComunidades de aprendizaje en el País Vasco :
_bcaracterización y organización escolar
260 _aChía, Colombia
300 _a373-391
362 0 _a2016 Volumen 19, número 3, septiembre-diciembre
520 3 _aLas comunidades de aprendizaje se han mostrado como una propuesta de organización escolar que promueve el éxito académico y la mejora de la convivencia de los estudiantes. La experiencia está centrada en la educación participativa de la comunidad, que se concreta en todos sus espacios. Además, se enfoca en estructuras como: Relación-Interacción: formación de la comunidad. Aula: construcción en grupo. Institución: organización y apertura a la participación, red con el sistema educativo, zona y políticas educativas. Investigación cualitativa-descriptiva, con un enfoque socio-crítico
653 0 _aPAIS VASCO
653 0 _aCOMUNIDADES DE APRENDIZAJE
653 0 _aORGANIZACION ESCOLAR
856 4 _uhttp://www.redalyc.org/articulo.oa?id=83448566004
856 4 _ufile:///C:/Users/SUSANA/Downloads/6382-34415-2-PB.pdf
905 _aArticulo
999 _c188079
_d188079